| 000 | 01325nam0a2200373 4500 | ||
|---|---|---|---|
| 001 | RU\NLR\bibl\1718279 | ||
| 005 | 20250616071247.0 | ||
| 010 |
_a978-5-91497-093-9 _97000 |
||
| 021 |
_aRU _b2010-94122 _96339 |
||
| 035 | _a(nilc)RSL-KNO-004836213 | ||
| 035 | _a(NLR Aleph) 001709288 | ||
| 090 |
_a1269898 _c1269898 |
||
| 100 | _a20101209d2010 |||y0rusy50 ca | ||
| 101 | 0 | _arus | |
| 102 | _aRU | ||
| 105 | _aa ||||||||| | ||
| 200 | 1 |
_aВторое пришествие Христа? Код Библии разгадан? Как стать здоровым? _fАнатолий Шарый |
|
| 210 |
_aВолгоград _cПанорама _d2010 |
||
| 215 |
_a45 с. _cил. _d28 |
||
| 517 | 0 | _aКод Библии разгадан? | |
| 517 | 0 | _aКак стать здоровым? | |
| 605 |
_aБиблия _xИсследование текста _xОригинальные теории _92319091 _3RU\NLR\auth\661387492 |
||
| 686 |
_aЭ37-200.22,0 _2rubbk |
||
| 686 | _aЭ37-200.2 | ||
| 700 | 1 |
_aШарый _bА. П. _gАнатолий Петрович _4070 |
|
| 801 | 0 |
_aRU _bRuMoRKP _c20101209 _grcr |
|
| 801 | 1 |
_aRU _bRuMoRGB _c20101209 |
|
| 801 | 2 |
_aRU _bNLR _c20101222 _grcr |
|
| 830 | _aавт. по кн. | ||
| 942 | _cBOOK | ||
| 980 | _aNB | ||
| 980 | _aNBR | ||